Escala do tempo geológico - Statistics

Estatísticas Gerais
  • Esse quiz foi jogado 90 vezes
  • A pontuação média é 11 de 26
Estatísticas das Respostas
Idade (Ma) % Correto
145.0 - 201.4 Jurássico
73%
485.4 - 538.8 Cambriano
62%
201.4 - 251.9 Triássico
58%
298.9 - 358.9 Carbonífero
54%
Cenozoico
54%
4000 - 4567 Hadeano
54%
Mesozoico
54%
66.0 - 145.0 Cretáceo
50%
Paleozoico
50%
Arqueano
46%
Fanerozoico
46%
0.0042 - 2.58 Quaternário
46%
358.9 - 419.2 Devoniano
42%
443.8 - 485.4 Ordoviciano
38%
Proterozoico
38%
419.2 - 443.8 Siluriano
38%
251.9 - 298.9 Permiano
35%
2800 - 3200 Mesoarqueano
31%
2500 - 2800 Neoarqueano
31%
2.58 - 23.03 Neógeno
31%
538.8 - 1000 Neoproterozoico
27%
23.03 - 66.0 Paleógeno
27%
1600 - 2500 Paleoproterozoico
27%
3600 - 4000 Eoarqueano
23%
1000 - 1600 Mesoproterozoico
23%
3200 - 3600 Paleoarqueano
23%
Nenhum quiz correspondente encontrado
Distribuição das Pontuações
Porcentagem de Pessoas com Cada Pontuação
Percentil de Números Respondidos
Sua Pontuação Histórica
Você não jogou esse quiz